[Event "Fide Mercenarios 6th"]
[Site "Mexico City"]
[Date "1995.??.??"]
[Round "6"]
[White "Paulin, M."]
[Black "Vargas, E."]
[Result "0-1"]
[WhiteElo "2000"]
[BlackElo "2165"]
[PlyCount "74"]
[EventDate "1995.??.??"]
[EventType "tourn"]
[EventRounds "11"]
[EventCountry "MEX"]
[SourceTitle "EXT 2000"]
[Source "ChessBase"]
[SourceDate "1999.11.16"]
[SourceVersion "1"]
[SourceVersionDate "1999.11.16"]
[SourceQuality "1"]

1. Nf3 Nf6 2. c4 g6 3. Nc3 Bg7 4. g3 0-0 5. Bg2 c6 6. d4 d5 7. b3 Qa5 8. Bb2 Ne4 9. Qc1 dxc4 10. bxc4 Nd6 11. c5 Nf5 12. Qd2 Rd8 13. e3 Nd7 14. Ne2 Qa6 15. Qc2 Nf6 16. 0-0 Nh6 17. Nh4 Nd5 18. a3 Ng4 19. Bc1 Be6 20. Re1 Nb4 21. Qd2 Nd3 22. Rf1 Nxc5 23. Nf4 Bc4 24. Nf3 Nb3 25. Qb4 Nxa1 26. Re1 Nc2 27. Qxe7 Nxe1 28. Nxe1 Re8 29. Qg5 Nf6 30. Qc5 Nd5 31. Nxd5 cxd5 32. Bh3 Bf8 33. Qc7 Qa4 34. Bg4 h5 35. Bf3 Rac8 36. Qf4 Ba6 37. e4 Qc4 0-1

[Event "Fide Mercenarios 6th"]
[Site "Mexico City"]
[Date "1995.??.??"]
[Round "5"]
[White "Soto Franco, Carlos"]
[Black "Paulin, M."]
[Result "1-0"]
[WhiteElo "2000"]
[BlackElo "2000"]
[PlyCount "89"]
[EventDate "1995.??.??"]
[EventType "tourn"]
[EventRounds "11"]
[EventCountry "MEX"]
[SourceTitle "EXT 2000"]
[Source "ChessBase"]
[SourceDate "1999.11.16"]
[SourceVersion "1"]
[SourceVersionDate "1999.11.16"]
[SourceQuality "1"]

1. b3 d5 2. Bb2 c5 3. Nf3 Nc6 4. g3 d4 5. Bg2 e5 6. d3 Nf6 7. Nbd2 Bd6 8. 0-0 Be6 9. e4 h6 10. Bc1 Qd7 11. Nc4 Bc7 12. a4 a5 13. Bd2 Bg4 14. Qe1 0-0 15. Nh4 g5 16. Nf3 Nh7 17. Kh1 Bxf3 18. Bxf3 f5 19. exf5 Qxf5 20. Be4 Qe6 21. Qe2 Nf6 22. Bg2 Rfe8 23. Rae1 b6 24. f4 g4 25. fxe5 Nd5 26. Bxh6 Nxe5 27. Nxe5 Bxe5 28. Bf4 Rad8 29. Qxe5 Qxe5 30. Rxe5 Rxe5 31. Bxe5 Ne3 32. Rf2 Re8 33. Bc7 Re6 34. Be4 Kg7 35. Bf4 Nd1 36. Rd2 Nc3 37. Bf5 Re1+ 38. Kg2 Nd1 39. Bxg4 Ne3+ 40. Bxe3 dxe3 41. Re2 Rc1 42. Kf3 Rf1+ 43. Kxe3 Rf7 44. Ke4 Kg6 45. h3 1-0